00771nam a2200205 a 450000100060000000300080000600500170001400800410003103500190007204000270009104100080011808200250012610000360015124501750018726000450036230000410040750400460044865000240049465100470051855917BD-RjUL20211209080330.0161123s1944 enkb b 001 0 eng d a(BD-RjUL)56041 aEQOcEQObengdBD-RjUL aeng 223a342.54bCOF 19441 aCoupland, Reginald,d1884-1952.14aThe future of India :bthe third part of a report on the constitutional problem in India submitted to the Warden and Fellows of Nuffield College, Oxford /cby R. Coupland aLondon :bOxford University Press,c1944 axiv, 207 p :bmaps, tables ;c22 cm. aIncludes bibliographical notes and index. aConstitutionzIndia 0aIndiaxPolitics and governmenty1919-1947.